[Event "FSIM May"]
[Site "Budapest HUN"]
[Date "2004.05.02"]
[Round "2"]
[White "Simonsen,H"]
[Black "Berczes,C"]
[Result "1/2-1/2"]
[WhiteElo "2243"]
[BlackElo "2340"]

1.Nf3 Nf6 2.g3 g6 3.Bg2 Bg7 4.d4 O-O 5.c4 d6 6.O-O Nfd7 7.Nc3 e5 8.e4 Re8
9.d5 Nb6 10.Nd2 f5 11.b4 a5 12.bxa5 Rxa5 13.Nb3 Ra8 14.Qe2 f4 15.g4 Na6 16.f3 Nd7
17.Bd2 Kf7 18.Rfb1 Rh8 19.Na4 b6 20.Nc3 h5 21.h3 Bf6 22.a4 Nac5 23.a5 Nxb3
24.Rxb3 Nc5 25.Rba3 Rxa5 26.Rxa5 bxa5 27.Rxa5 hxg4 28.hxg4 Bd7 29.Nb5 Nb3
30.Ra3 Nxd2 31.Qxd2 Bxb5 32.cxb5 Qd7 33.Bf1 Rb8 34.Ra7 Bd8 35.Qa5 Qe7 36.Qc3 Kf8
37.Qe1 Qf6 38.Kg2 Qh8 39.Bd3 Qh7 40.Qf2 Kg8 41.Ra1 Qh4 42.Bf1 Kf8 43.Ra7 Qxf2+
44.Kxf2 Ke8 45.Ke1  1/2-1/2

[Event "1st ACP Women Blitz"]
[Site "playchess.com INT"]
[Date "2004.05.02"]
[Round "2"]
[White "Kiseleva,N"]
[Black "Kachiani,K"]
[Result "1-0"]
[WhiteElo "2344"]
[BlackElo "2439"]

1.d4 d6 2.c4 g6 3.Nf3 Bg7 4.g3 Nf6 5.Bg2 O-O 6.O-O Nc6 7.Nc3 a6 8.b3 Rb8
9.Nd5 Nh5 10.Bb2 e6 11.Nc3 Bd7 12.Rc1 b5 13.cxb5 axb5 14.Qd2 Ne7 15.e4 b4
16.Ne2 Bb5 17.Rfe1 Nf6 18.Nf4 Nd7 19.Qxb4 e5 20.dxe5 dxe5 21.Nd5 Nxd5 22.exd5 Bf1
23.Qc3 Bxg2 24.Kxg2 Rb7 25.Qc6 Ra7 26.Nxe5 Nxe5 27.Bxe5 Rxa2 28.Bxc7 Qg5
29.Bf4 Qf5 30.Be3 Qe4+ 31.Kg1 Bd4 32.d6 Qe5 33.d7 Bxe3 34.Rxe3 Qf5 35.Rf3 Qg5
36.Rd1 Raa8 37.Qf6 Qxf6 38.Rxf6 Rfd8 39.Rfd6 Kf8 40.R1d3 Rab8 41.h4 h5 42.Kg2 Ke7
43.R6d4 Rb7 44.Kf3 Rb5 45.Kf4 Kf8 46.Rd5 Rb4+ 47.Ke5  1-0

[Event "1st ACP Women Blitz"]
[Site "playchess.com INT"]
[Date "2004.05.02"]
[Round "3"]
[White "Ambrosi,E"]
[Black "Veroci,Z"]
[Result "1-0"]
[WhiteElo "2118"]
[BlackElo "2315"]

1.d4 Nf6 2.Nf3 g6 3.g3 Bg7 4.Bg2 O-O 5.c4 d6 6.O-O Nc6 7.Nc3 a6 8.h3 Rb8
9.e4 b5 10.e5 Ne8 11.Qe2 dxe5 12.dxe5 Nd4 13.Nxd4 Qxd4 14.Nd5 bxc4 15.Nxe7+ Kh8
16.Nc6 Qb6 17.Nxb8 Qxb8 18.Qxc4 Be6 19.Qe2 c5 20.Re1 Nc7 21.Be3 Qb4 22.Rac1 c4
23.a3 Qa4 24.Red1 Nb5 25.Bc5 Re8 26.Bc6 Rc8 27.Bxb5 Qxb5 28.Bb4 Bxh3 29.Rd4 Be6
30.Bd6 h5 31.Kg2 Bg4 32.f3 Be6 33.Rh1 Kg8 34.g4 hxg4 35.fxg4 Qc6+ 36.Kg1 Qb6
37.Qd2 c3 38.bxc3 Qb1+ 39.Kg2 Qb7+ 40.Kg1 Qb1+ 41.Qd1 Qa2 42.Be7 Rxc3 43.Rd3 Rxd3
44.Qxd3 Qa1+ 45.Kg2 Qb2+ 46.Kg1 Qc1+ 47.Kh2 Qb2+ 48.Kh3 Qb8 49.Qd6 Qxd6 50.exd6 Be5
51.Rd1 Bb3 52.d7 Bc7 53.d8=Q+ Bxd8 54.Rxd8+ Kg7 55.Ra8 Bc4 56.Ra7  1-0

[Event "1st ACP Women Blitz"]
[Site "playchess.com INT"]
[Date "2004.05.02"]
[Round "8"]
[White "Khurtsidze,N"]
[Black "Harika,D"]
[Result "1-0"]
[WhiteElo "2387"]
[BlackElo "2368"]

1.d4 Nf6 2.c4 g6 3.Nf3 Bg7 4.g3 O-O 5.Bg2 d6 6.O-O Nc6 7.Nc3 Rb8 8.b3 a6
9.Nd5 e6 10.Nxf6+ Bxf6 11.Bb2 b5 12.Rc1 Ne7 13.e4 Bg7 14.Qe2 Bd7 15.Rfd1 bxc4
16.Qxc4 Bc6 17.Ne1 a5 18.Ba3 Qd7 19.d5 exd5 20.exd5 Bb5 21.Qxc7 Nf5 22.Qxd7 Bxd7
23.Bh3 Rfc8 24.Bxf5 Bxf5 25.Bxd6 Rxc1 26.Rxc1 Rd8 27.Rc6 Be4 28.Be7 Re8 29.Rc7 Bxd5
30.Nd3 Bf8 31.Bxf8 Kxf8 32.Kf1 a4 33.bxa4 Bxa2 34.a5 Ra8 35.Rc5 Be6 36.f3 Ke7
37.Kf2 Kd6 38.g4 f5 39.h3 fxg4 40.hxg4 Rf8 41.Ke3 Bd5 42.f4 Re8+ 43.Kd2 Be4
44.Re5 Rxe5 45.fxe5+ Kd5 46.g5 Kc6 47.Kc3 Kb5 48.a6 Bc6 49.Nb4 Ba8 50.e6 Kc5
51.e7 Bc6 52.Nxc6 Kxc6 53.e8=Q+  1-0

[Event "FSIM May"]
[Site "Budapest HUN"]
[Date "2004.05.05"]
[Round "5"]
[White "Chetverik,M"]
[Black "Simonsen,H"]
[Result "1-0"]
[WhiteElo "2397"]
[BlackElo "2243"]

1.d4 Nf6 2.c4 g6 3.Nf3 Bg7 4.g3 O-O 5.Bg2 d6 6.O-O Nc6 7.d5 Na5 8.Nfd2 c5
9.a3 b5 10.cxb5 a6 11.b4 Nb7 12.bxa6 Rxa6 13.Bb2 Bd7 14.Qb3 Qb8 15.Qd3 Ra7
16.Nc3 Rc8 17.Rfb1 Nd8 18.b5 c4 19.Qc2 Nb7 20.a4 Na5 21.Ra3 e6 22.dxe6 fxe6
23.e3 d5 24.Rd1 Rd8 25.Nf3 Nb3 26.Rxb3 cxb3 27.Qxb3 Rc8 28.Bf1 Qb6 29.Ne5 Be8
30.Bh3 Rcc7 31.Ne2 Rab7 32.Bd4 Qd6 33.Nf4 Re7 34.Nfd3 Nd7 35.Nxd7 Bxd4 36.exd4 Bxd7  1-0

[Event "CXSP Open"]
[Site "Sao Paulo BRA"]
[Date "2004.05.09"]
[Round "4"]
[White "Milos,G"]
[Black "Madeira,W"]
[Result "1-0"]
[WhiteElo "2599"]
[BlackElo "2263"]

1.d4 Nf6 2.Nf3 g6 3.c4 Bg7 4.g3 O-O 5.Bg2 d6 6.O-O c6 7.Nc3 Qa5 8.e4 Qh5
9.Re1 e5 10.d5 Bg4 11.b3 c5 12.a3 Na6 13.Qd3 Bh6 14.Bxh6 Qxh6 15.Rab1 Ne8
16.b4 Bd7 17.Nd2 f5 18.exf5 gxf5 19.Nb5 b6 20.Qc3 Rf7 21.Nb3 cxb4 22.axb4 Bxb5
23.cxb5 Rc7 24.Qd2 Qxd2 25.Nxd2 Nb8 26.f4 e4 27.Bh3 Ng7 28.Rbc1 Rxc1 29.Rxc1 Nd7
30.Nxe4 fxe4 31.Bxd7 a5 32.bxa6 Rxa6 33.Re1 Ra7 34.Bg4 Re7 35.Kf2 Kf7 36.Ke3 h5
37.Bh3 Rc7 38.Ra1 Rc4 39.Ra7+ Kf6 40.Rd7 Nf5+ 41.Bxf5 Kxf5 42.Rxd6 Rxb4 43.Rd8 Rb3+
44.Kd4 Rd3+ 45.Kc4 b5+ 46.Kxb5 Kg4 47.Kc4 Kf3 48.f5 Rd1 49.f6 Rc1+ 50.Kd4 Rd1+
51.Kc5 Rc1+ 52.Kd6 e3 53.f7  1-0

[Event "FSIM May"]
[Site "Budapest HUN"]
[Date "2004.05.10"]
[Round "10"]
[White "Poulsen,Ma"]
[Black "Dimitrijevic,A"]
[Result "1-0"]
[WhiteElo "2290"]
[BlackElo "2292"]

1.d4 Nf6 2.Nf3 g6 3.c4 Bg7 4.g3 O-O 5.Bg2 d6 6.Nc3 Nc6 7.O-O Bg4 8.h3 Bxf3
9.Bxf3 Nd7 10.e3 e5 11.d5 Ne7 12.Be2 a5 13.e4 f5 14.f3 f4 15.g4 h5 16.Kg2 Kf7
17.Bd2 Rh8 18.Be1 g5 19.a3 Nf6 20.b4 c6 21.bxa5 hxg4 22.hxg4 cxd5 23.cxd5 Qg8
24.Bf2 Rxa5 25.Qb3 Qc8 26.Qb4 Ra6 27.Rfc1 Qd7 28.Bb5 Qc8 29.Na4 Rc6 30.dxc6 Nxg4
31.Rh1 Nxf2 32.cxb7 Qb8 33.Kxf2 g4 34.Bc4+ d5 35.exd5 e4 36.d6+ Kg6 37.dxe7 Bd4+
38.Ke2 gxf3+ 39.Kd2 Bxa1 40.Rg1+ Kf5 41.Qb5+ Qe5 42.Qxe5+ Bxe5 43.Rg8 Rh2+
44.Kc1 Rh1+ 45.Kc2 Rh2+  1-0

[Event "FSIM May"]
[Site "Budapest HUN"]
[Date "2004.05.10"]
[Round "10"]
[White "Simonsen,H"]
[Black "Dencsi,T"]
[Result "1-0"]
[WhiteElo "2243"]
[BlackElo "2229"]

1.d4 Nf6 2.c4 g6 3.Nf3 Bg7 4.g3 O-O 5.Bg2 d6 6.O-O c6 7.Nc3 Qb6 8.Qc2 Na6
9.a3 e5 10.Rd1 Re8 11.e4 exd4 12.Na4 d3 13.Rxd3 Qa5 14.Bd2 Qc7 15.Re3 Be6
16.Rc1 Rad8 17.Ree1 Nd7 18.Ng5 Nf8 19.Be3 b6 20.b4 Bc8 21.Nc3 Bb7 22.Red1 Ne6
23.Nxe6 fxe6 24.Rd3 Qe7 25.Qd2 Bf6 26.Rd1 Nc7 27.Bf4 e5 28.Be3 Ne6 29.Ne2 c5
30.Rxd6 Rxd6 31.Qxd6 Nd4 32.Qxe7 Nxe2+ 33.Kf1 Nxg3+ 34.hxg3 Bxe7 35.Rd7 Bc8
36.Rxa7 Be6 37.bxc5 Bxc4+ 38.Kg1 Bxc5 39.Bxc5 bxc5 40.Rc7 Ra8 41.Rxc5 Bb3
42.Bf1 Kf7 43.Rxe5 Rxa3 44.Rc5 Be6 45.Bc4 Bxc4 46.Rxc4 Kg7 47.Kg2 Kf6 48.f4 h5
49.Kh3 Re3 50.Rc6+ Kg7 51.Rc7+ Kf6 52.e5+ Kf5 53.Rf7+ Ke4 54.Kh4 Kf3 55.Rg7 Re1
56.Rxg6 Rh1+ 57.Kg5 Kxg3 58.e6 Re1 59.f5 h4 60.Kf6+  1-0

[Event "1st Open"]
[Site "Kranj SLO"]
[Date "2004.05.11"]
[Round "6"]
[White "Kuljasevic,D"]
[Black "Ragger,M"]
[Result "1-0"]
[WhiteElo "2408"]
[BlackElo "2365"]

1.d4 Nf6 2.Nf3 g6 3.g3 Bg7 4.Bg2 O-O 5.c4 d6 6.Nc3 c6 7.O-O Bf5 8.Re1 d5
9.cxd5 cxd5 10.Ne5 Ne4 11.Bf4 Nc6 12.Nxc6 bxc6 13.Na4 Nd6 14.Rc1 Rc8 15.b3 Qa5
16.e3 Nb7 17.a3 Qd8 18.g4 Bd7 19.h3 Re8 20.Nc5 Nxc5 21.Rxc5 Bf8 22.Qc1 e6
23.Rc3 Qb6 24.Re2 Qa6 25.Ra2 f6 26.b4 e5 27.dxe5 fxe5 28.Bg3 Bxb4 29.Bf1 Qa4
30.axb4 Qxa2 31.Ra3 Qxa3 32.Qxa3 Rc7 33.Qc3  1-0

[Event "TCh-SCG"]
[Site "Petrovac SCG"]
[Date "2004.05.17"]
[Round "2"]
[White "Lekic,D"]
[Black "Arsovic,Z"]
[Result "0-1"]
[WhiteElo "2389"]
[BlackElo "2445"]

1.d4 Nf6 2.c4 g6 3.Nf3 Bg7 4.g3 O-O 5.Bg2 d6 6.O-O Re8 7.Nc3 Nbd7 8.e4 e5
9.d5 a5 10.Ne1 Nc5 11.b3 Ng4 12.f3 Nh6 13.Nd3 b6 14.Nf2 f6 15.Be3 Bd7 16.Qd2 Nf7
17.Rae1 Re7 18.Nb5 f5 19.exf5 gxf5 20.f4 Bxb5 21.cxb5 Qd7 22.Qe2 Rae8 23.Bd2 e4
24.Be3 Qxb5 25.Kh1 a4 26.Rb1 axb3 27.axb3 Nd3 28.Rfd1 Nxf2+ 29.Qxf2 Ra8 30.Bf1 Qd7
31.Rdc1 Ree8 32.Rc2 Ra7 33.Rbc1 Rea8 34.Qe2 Nh6 35.h3 Kh8 36.Rc6 Qf7 37.Qd1 Ng8
38.g4 Nf6 39.gxf5 Nxd5 40.Bc4 Qxf5 41.Bxd5 Qxh3+ 42.Kg1 Qxe3+ 43.Kh1 Ra2
44.R6c2 Rxc2 45.Qxc2 Rf8 46.Rg1 Qh3+ 47.Qh2 Qxh2+ 48.Kxh2 Rxf4 49.Re1 Be5
50.Kg2 Rg4+ 51.Kf1 Kg7 52.Bxe4 c5 53.Bf3 Rb4 54.Bd5 Rd4 55.Be4 h5 56.Kf2 h4  0-1

[Event "29th Elekes Mem GM"]
[Site "Budapest HUN"]
[Date "2004.05.18"]
[Round "4"]
[White "Paschall,W"]
[Black "Nagle,S"]
[Result "1/2-1/2"]
[WhiteElo "2381"]
[BlackElo "2375"]

1.d4 Nf6 2.Nf3 g6 3.c4 Bg7 4.g3 O-O 5.Bg2 d6 6.O-O Nbd7 7.Nc3 e5 8.h3 exd4
9.Nxd4 Nb6 10.b3 d5 11.c5 Nbd7 12.c6 Ne5 13.cxb7 Bxb7 14.Ba3 Re8 15.Rc1 Rc8
16.Na4 Ne4 17.Nc5 Nxc5 18.Bxc5 Nd7 19.b4 Nxc5 20.Rxc5 c6 21.a3 Bf8 22.Rc3 c5
23.bxc5 Bxc5 24.e3 Ba6 25.Re1 Qa5 26.Rc1 Bc4 27.Nb3 Qxa3 28.Nxc5 Qxc5 29.Qa4 a5
30.Red1 Red8 31.e4 Qb4 32.Qxb4 axb4 33.Rd4 b3 34.exd5 Bd3 35.Rxc8 Rxc8 36.Rb4 Bc2
37.d6 Rd8 38.Rb6 Rxd6  1/2-1/2

[Event "TCh-SCG"]
[Site "Petrovac SCG"]
[Date "2004.05.18"]
[Round "3"]
[White "Abramovic,B"]
[Black "Ivanisevic,I"]
[Result "0-1"]
[WhiteElo "2468"]
[BlackElo "2550"]

1.d4 Nf6 2.c4 g6 3.Nf3 Bg7 4.g3 O-O 5.Bg2 d6 6.O-O c6 7.Nc3 Qa5 8.Nd2 Qb6
9.e3 e5 10.d5 Na6 11.Nb3 cxd5 12.Nxd5 Nxd5 13.cxd5 Bd7 14.e4 Ba4 15.Be3 Qd8
16.Qd2 b6 17.Rfc1 Rb8 18.Qe2 Nc5 19.Nd2 a6 20.b4 Bb5 21.Nc4 Na4 22.Qd2 f5
23.f3 Rb7 24.Rc2 Rbf7 25.Rac1 h5 26.exf5 gxf5 27.f4 e4 28.Bd4 h4 29.Kf2 Bf6
30.Rg1 hxg3+ 31.hxg3 Rh7 32.Rh1 Rxh1 33.Bxh1 Re8 34.Bg2 Bxc4 35.Rxc4 Bxd4+
36.Qxd4 e3+ 37.Ke2 Qe7 38.Rc1 b5 39.Bf3 Qf8 40.a3 Qh6 41.Rh1 Qg7 42.Qxg7+ Kxg7
43.Rc1 Nb2 44.Rc7+ Kg6 45.g4 Nc4 46.a4 Rh8 47.Kd3 Rh2  0-1

[Event "22nd LIE-Open"]
[Site "Triesen LIE"]
[Date "2004.05.18"]
[Round "5"]
[White "Kveinys,A"]
[Black "Lorscheid,G"]
[Result "1-0"]
[WhiteElo "2550"]
[BlackElo "2272"]

1.Nf3 d6 2.d4 Nf6 3.c4 g6 4.g3 Bg7 5.Bg2 O-O 6.O-O c6 7.Nc3 Qa5 8.e4 Qh5
9.e5 dxe5 10.Nxe5 Qxd1 11.Rxd1 Nfd7 12.Nf3 Nb6 13.b3 Bg4 14.Ba3 Re8 15.h3 Bxf3
16.Bxf3 Na6 17.Rac1 Rad8 18.d5 c5 19.Nb5 Nc8 20.Rc2 b6 21.Re2 Bf6 22.Bc1 h5
23.Bf4 Kg7 24.h4 Rh8 25.a3 Rd7 26.Bg2 Rhd8 27.Bh3 Rb7 28.Rde1 Kf8 29.d6 Nxd6
30.Rd1 Kg7 31.Red2 Nc7 32.Nxd6 exd6 33.Bg2 d5 34.cxd5 Nb5 35.d6  1-0

[Event "29th Elekes Mem GM"]
[Site "Budapest HUN"]
[Date "2004.05.20"]
[Round "6"]
[White "Izsak,Gyu"]
[Black "Nagle,S"]
[Result "1-0"]
[WhiteElo "2456"]
[BlackElo "2375"]

1.d4 Nf6 2.Nf3 g6 3.g3 Bg7 4.Bg2 O-O 5.c4 d6 6.O-O Nbd7 7.Nc3 e5 8.Qc2 exd4
9.Nxd4 Re8 10.Rd1 a6 11.b3 Rb8 12.Bb2 Ne5 13.Nf3 Bf5 14.Qc1 Neg4 15.Rf1 Qd7
16.Nd4 Nxh2 17.Nxf5 Qxf5 18.Kxh2 Bh6 19.e3 Ng4+ 20.Kg1 Qh5 21.Re1 Rxe3 22.fxe3 Qh2+
23.Kf1 Qxg3 24.Ne4 Nh2+ 25.Ke2 Qxg2+ 26.Kd3 Nf3 27.Re2 Qh3 28.Qh1 Qxh1 29.Rxh1 Bg7
30.Bf6 Ne5+ 31.Kd2 Ng4 32.Bxg7 Kxg7 33.Rg2 h5 34.Nf2 Nf6 35.Nd3 Re8 36.Nf4 Re5
37.Kd3 Ng4 38.e4 Nf6 39.Rd1 Nxe4 40.Nxh5+ Kf8 41.Nf4 g5 42.Nd5 c6 43.Nc3 Nc5+
44.Kd2 Ne6 45.Re1 Rf5 46.Ne4 Nd4 47.Re3 Nf3+ 48.Ke2 Nd4+ 49.Kd3 Ne6 50.Rf2 Nf4+
51.Kc2 Re5 52.Kd2 Ra5 53.a4 f6 54.Nxf6 b5 55.Nh7+ Kg7 56.Nxg5 bxa4 57.Rxf4  1-0

[Event "TCh-SCG"]
[Site "Petrovac SCG"]
[Date "2004.05.21"]
[Round "6"]
[White "Abramovic,B"]
[Black "Popovic,Du"]
[Result "0-1"]
[WhiteElo "2468"]
[BlackElo "2445"]

1.d4 Nf6 2.c4 g6 3.Nf3 Bg7 4.g3 O-O 5.Bg2 d6 6.O-O Nc6 7.Nc3 a6 8.b3 Rb8
9.e3 b5 10.Qe2 bxc4 11.Qxc4 Na5 12.Qe2 c5 13.Bd2 cxd4 14.Nxd4 e5 15.Nf3 Nc6
16.e4 Nd4 17.Qd3 Nd7 18.Nxd4 exd4 19.Nd5 Nc5 20.Qf3 Bb7 21.b4 Bxd5 22.exd5 Na4
23.Qd3 Qb6 24.Rfe1 Nc3 25.a3 a5 26.Bxc3 dxc3 27.Re4 axb4 28.axb4 Ra8 29.Rxa8 Rxa8
30.Bf1 h5 31.Be2 Ra2 32.Rc4 Be5 33.Kg2 Kg7 34.h4 Rd2 35.Qf3 Qa7 36.Bd3 Bd4
37.Be2 c2 38.Qe4 f5 39.Qe6 Bb2 40.Rc8 Qf7 41.Qxd6 c1=Q 42.Rxc1 Bxc1 43.Qe5+ Kh7
44.Bc4 Qa7  0-1

[Event "29th Elekes Mem IM"]
[Site "Budapest HUN"]
[Date "2004.05.24"]
[Round "10"]
[White "Klimm,W"]
[Black "Orso,M"]
[Result "1/2-1/2"]
[WhiteElo "2278"]
[BlackElo "2350"]

1.Nf3 Nf6 2.c4 g6 3.d4 Bg7 4.g3 O-O 5.Bg2 d6 6.O-O Nbd7 7.Nc3 e5 8.e4 exd4
9.Nxd4 Re8 10.h3 c6 11.Bf4 Ne5 12.b3 a5 13.Rc1 Nfd7 14.Be3 Nc5 15.Qc2 Qe7
16.Rcd1 a4 17.f4 axb3 18.axb3 Ned7 19.Bf2 Qf8 20.b4 Ne6 21.Nb3 Nf6  1/2-1/2

[Event "Chicago Open"]
[Site "Chicago USA"]
[Date "2004.05.29"]
[Round "3"]
[White "Fridman,D2"]
[Black "Muhammad,S"]
[Result "1-0"]
[WhiteElo "2594"]
[BlackElo "2378"]

1.Nf3 Nf6 2.c4 g6 3.g3 Bg7 4.Bg2 d6 5.d4 O-O 6.Nc3 Nc6 7.O-O a6 8.d5 Na5
9.b3 c5 10.dxc6 Nxc6 11.Bb2 Qa5 12.Qc1 Bg4 13.Rd1 Rac8 14.Nd5 Nxd5 15.Rxd5 Bxb2
16.Qxb2 Qb4 17.Ng5 Ne5 18.Rd2 b5 19.a3 Qc5 20.Ne4 Qc7 21.cxb5 axb5 22.Qd4 Be6
23.Rb2 Rfd8 24.a4 Nc6 25.Qe3 bxa4 26.bxa4 Na5 27.Ng5 Bf5 28.Rb5 Bd7 29.Rbb1 Be8
30.Rc1 Nc4 31.Qd3 h6 32.Bd5 Ne5 33.Rxc7 Nxd3 34.Nxf7 Bxf7 35.Bxf7+ Kxf7 36.Rxc8 Rxc8
37.exd3 Ke6 38.a5 Kd5 39.Ra4 Ra8 40.h4 e5 41.Kg2 Kc5 42.Kh3 d5 43.Ra2 Ra6
44.Kg4 Kd4 45.Ra3 e4 46.dxe4 Kxe4 47.Kh3 Kd4 48.Kg4 Ke4 49.Re3+ Kd4 50.Kf3 Kc4
51.g4 d4 52.Ra3 Kb4 53.Ra1 Kc3 54.Ke4 Re6+ 55.Kd5 Ra6 56.Ra3+ Kb2 57.Rg3 Rxa5+
58.Kxd4 Kc2 59.f4 Kd2 60.f5 gxf5 61.g5 hxg5 62.hxg5 Ra4+ 63.Ke5 f4 64.Rf3  1-0

[Event "TCh-BIH"]
[Site "Neum BIH"]
[Date "2004.06.05"]
[Round "8"]
[White "Drasko,M"]
[Black "Brenjo,S"]
[Result "1/2-1/2"]
[WhiteElo "2464"]
[BlackElo "2464"]

1.d4 Nf6 2.c4 g6 3.Nf3 Bg7 4.g3 O-O 5.Bg2 d6 6.O-O Nc6 7.Nc3 a6 8.Bd2 Bg4
9.d5 Na5 10.b3 c5  1/2-1/2

[Event "FSIM June"]
[Site "Budapest HUN"]
[Date "2004.06.08"]
[Round "4"]
[White "Simonsen,H"]
[Black "Kahn,E"]
[Result "1-0"]
[WhiteElo "2243"]
[BlackElo "2290"]

1.d4 Nf6 2.Nf3 g6 3.c4 Bg7 4.g3 d6 5.Bg2 O-O 6.O-O Nbd7 7.Nc3 e5 8.e4 c6
9.h3 Qb6 10.c5 dxc5 11.dxe5 Ne8 12.e6 fxe6 13.Ng5 Ne5 14.f4 c4+ 15.Kh2 Nd3
16.e5 Nc7 17.Qe2 Nd5 18.Nce4 Bd7 19.Nd6 Qa6 20.Be4 Nc5 21.Nxh7 Nxe4 22.Nxf8 Nxg3
23.Kxg3 Rxf8 24.Bd2 b5 25.Qg4 b4 26.Qe2 c5 27.Kh2 Kh7 28.Rf3 Qa4 29.b3 cxb3
30.Rg1 bxa2 31.Rxg6 Qc2 32.Rxg7+ Kxg7 33.f5 Rh8 34.Qg2+ Kf8 35.fxe6+ Ke7
36.Bg5+ Kxe6 37.Qxc2  1-0

[Event "National Open"]
[Site "Las Vegas USA"]
[Date "2004.06.20"]
[Round "6"]
[White "Anderson,T"]
[Black "Pupols,V"]
[Result "1-0"]
[WhiteElo "2197"]
[BlackElo "2233"]

1.c4 Nf6 2.Nf3 g6 3.d4 Bg7 4.g3 O-O 5.Bg2 d6 6.Nc3 c5 7.O-O Nc6 8.d5 Na5
9.b3 a6 10.Bb2 Rb8 11.Qc2 b5 12.Nd2 bxc4 13.bxc4 Bh6 14.f4 e5 15.dxe6 Bxe6
16.Nd5 Rxb2 17.Qxb2 Bg7 18.Qc2 Nxd5 19.cxd5 Bxa1 20.Rxa1 Qf6 21.Re1 Bxd5
22.Bxd5 Qd4+ 23.e3 Qxd5 24.Ne4 f5 25.Nc3 Qe6 26.Qa4 Nc4 27.Qxa6 g5 28.Re2 Re8
29.e4 Qf7 30.Nd5 Nd2 31.Rxd2 Rxe4 32.Qxd6 Re6 33.Qd8+ Kg7 34.Qxg5+ Kh8 35.Nc7  1-0

[Event "XVIII Open"]
[Site "Pula CRO"]
[Date "2004.06.21"]
[Round "2"]
[White "Cvitan,O"]
[Black "Kaminik,A"]
[Result "1-0"]
[WhiteElo "2524"]
[BlackElo "2261"]

1.d4 Nf6 2.c4 g6 3.Nf3 Bg7 4.g3 O-O 5.Bg2 d6 6.O-O Nc6 7.Nc3 a6 8.Re1 Rb8
9.Rb1 Bf5 10.e4 Bg4 11.Be3 Nd7 12.Ne2 e5 13.d5 Ne7 14.Nd2 Bxe2 15.Qxe2 f5
16.f3 c5 17.a3 b6 18.b4 Nc8 19.Bh3 Na7 20.f4 exf4 21.Bxf4 Ne5 22.exf5 gxf5
23.Nf3 cxb4 24.axb4 Nxf3+ 25.Qxf3 Rc8 26.Rbc1 Bd4+ 27.Kh1 b5 28.Bxf5 Rxc4
29.Rxc4 bxc4 30.Bxh7+ Kxh7 31.Qe4+ Kg8 32.Qxd4 Nb5 33.Qxc4 Qf6 34.Qe4 Nd4
35.Bxd6  1-0

[Event "XVIII Open"]
[Site "Pula CRO"]
[Date "2004.06.23"]
[Round "6"]
[White "Kuljasevic,D"]
[Black "Plenkovic,Z"]
[Result "1-0"]
[WhiteElo "2408"]
[BlackElo "2217"]

1.d4 Nf6 2.Nf3 g6 3.g3 Bg7 4.Bg2 O-O 5.c4 d6 6.Nc3 Nc6 7.O-O Bf5 8.d5 Na5
9.Nd4 Bd7 10.Qd3 c5 11.Nc2 a6 12.b3 b5 13.Rb1 Rb8 14.Bd2 Qc7 15.h3 b4 16.Nd1 e6
17.dxe6 fxe6 18.Bf4 Ne8 19.Nde3 Bc6 20.Ng4 Bxg2 21.Kxg2 Rd8 22.Rbd1 Nb7 23.Qe4 Qe7
24.h4 Nf6 25.Nxf6+ Bxf6 26.Ne3 Rd7 27.Ng4 Bg7 28.Bg5 Qf7 29.Nh6+ Bxh6 30.Bxh6 Rc8
31.Rd3 Qf5 32.Re3 Qxe4+ 33.Rxe4 Nd8 34.Rd1 e5 35.Be3 Rcc7 36.f4 Nf7 37.fxe5 Nxe5
38.Bf4 Nf7 39.Kf2 Rc8 40.Re6 Rcd8 41.Rd5 a5 42.Re3 Kg7 43.Red3 Kf6 44.g4 h6
45.h5 g5 46.Bg3 Kg7 47.e4 Rf8 48.Kg2 Re7 49.Bxd6 Nxd6 50.Rxd6 Rxe4 51.Rg6+ Kf7
52.Kg3 Ke7 53.Rf3 Rxf3+ 54.Kxf3 Rf4+ 55.Kg3 Rd4 56.Rxh6 Rd3+ 57.Kf2 Rd2+
58.Kf3 Rxa2 59.Ra6 Ra3 60.Ke4 Rxb3 61.Rxa5 Rc3 62.Rxc5 b3 63.Kf5 b2 64.Rb5 Rxc4
65.Rxb2 Rc5+ 66.Kg6 Ra5 67.Rb7+ Kf8 68.Rb8+ Ke7 69.h6  1-0

[Event "XVIII Open"]
[Site "Pula CRO"]
[Date "2004.06.24"]
[Round "7"]
[White "Sargac,R"]
[Black "Loncar,R"]
[Result "1-0"]
[WhiteElo "2211"]
[BlackElo "2370"]

1.d4 g6 2.Nf3 Bg7 3.g3 Nf6 4.Bg2 O-O 5.c4 d6 6.O-O Nbd7 7.Nc3 e5 8.e4 a6
9.Re1 exd4 10.Nxd4 Re8 11.h3 Rb8 12.b3 Nc5 13.Rb1 Bd7 14.Rb2 Qc8 15.Kh2 b5
16.cxb5 axb5 17.Rbe2 b4 18.Nd5 Nxd5 19.exd5 Rxe2 20.Rxe2 Qa6 21.Nc6 Bxc6
22.dxc6 Qd3 23.Qe1 Bc3 24.Qf1 d5 25.Re7 Qxf1 26.Bxf1 Ne6 27.Rd7 Rb6 28.Rxd5 Rxc6
29.Be3 Bf6 30.Bc4 Be7 31.Rb5 Kg7 32.Rb8 h5 33.Kg2 Rd6 34.Rxb4 Nd4 35.Rb7 Bd8
36.a4 Nc6 37.Bc5 Rd2 38.Bb5 Ne5 39.Be3 Rd5 40.f4 c6 41.fxe5 cxb5 42.Rxb5 Rd3
43.Kf2 g5 44.a5 Rc3 45.a6 Rc2+ 46.Kf3 Ra2 47.a7 Kg6 48.Rb8 f5 49.g4 hxg4+
50.hxg4  1-0

[Event "TCh-CRO"]
[Site "Rabac CRO"]
[Date "2004.06.24"]
[Round "6"]
[White "Cvitan,O"]
[Black "Cebalo,M"]
[Result "1/2-1/2"]
[WhiteElo "2524"]
[BlackElo "2482"]

1.Nf3 Nf6 2.c4 g6 3.g3 Bg7 4.Bg2 d6 5.d4 O-O 6.Nc3 c6 7.O-O Qa5 8.e4 Bg4
9.h3 Bxf3 10.Bxf3 Nbd7 11.Rb1 c5 12.d5 a6 13.a4 Rfe8 14.Bd2 Qc7 15.Qc2 e6
16.Rbe1 Rab8 17.Bd1 exd5 18.exd5 b6 19.f4 Rxe1 20.Rxe1 Re8 21.Rxe8+ Nxe8
22.g4 Qd8 23.Kg2 Qe7 24.Bf3 Bd4 25.Qe4 Qxe4 26.Bxe4 Ng7 27.b3 f5 28.Bd3 Kf7
29.Ne2 a5 30.Ng3 Kf6 31.g5+ Kf7 32.h4 Nf8 33.h5 Bb2 34.h6 Ne8 35.Kf3 Bh8
36.Be1 Bb2 37.Nxf5 gxf5 38.Bxf5 Nc7 39.Bc8 Ng6 40.Bg3 Ne7 41.Bd7 Ng6 42.Ke4 Bc3
43.Bg4 Ne8 44.Be6+ Kf8 45.Kf3 Bd4 46.Kg4 Bc3 47.Bf5 Kf7 48.Bc2 Bb2 49.Kh5 Bc3
50.Bf5 Bb2 51.Bd7 Kf8 52.f5 Ne5 53.Bxe8 Kxe8 54.g6 Kf8 55.gxh7 Nf7 56.Bh4 Be5
57.Kg6 Nh8+ 58.Kh5 Nf7  1/2-1/2

[Event "IMA"]
[Site "Brno CZE"]
[Date "2004.07.03"]
[Round "1"]
[White "Luch,M"]
[Black "Skacelik,P"]
[Result "1/2-1/2"]
[WhiteElo "2383"]
[BlackElo "2279"]

1.d4 Nf6 2.c4 g6 3.Nf3 Bg7 4.g3 O-O 5.Bg2 d6 6.O-O c5 7.Nc3 Nc6 8.dxc5 dxc5
9.Be3 Be6 10.Qa4 Nd4 11.Rad1 Bd7 12.Qa3 Nc2 13.Qxc5 b6 14.Qg5 h6 15.Qh4 Nxe3
16.fxe3 Ng4 17.Nd5 g5 18.Qh5 e6 19.Qxg4 exd5 20.Qh5 Qe7 21.Rxd5 Bc6 22.Rxg5 Qxe3+
23.Kh1 Bxf3 24.Rxg7+ Kxg7 25.Bxf3 Rae8 26.Rd1 Re7 27.b4 f5 28.Rd6 Rf6 29.Rxf6 Kxf6
30.c5 bxc5 31.bxc5 Qg5 32.Qh3 Re5 33.c6 Rc5 34.Kg2 Rc1 35.a4 a5 36.Kf2 Ke5
37.Qh5 Qxh5 38.Bxh5 Rxc6 39.Be8 Rc3 40.h4 Rc8 41.Bb5 Rc7 42.Kf3 Rc3+ 43.e3 Ra3
44.Be8 Rb3 45.Bd7 Rb4 46.Bc6 Kd6 47.Be8 Re4 48.Bb5 Kc5 49.Bd7 Rb4 50.Be8 Kd6
51.Ke2 Rb8 52.Bf7 Rb7 53.Bc4 Rb8 54.Bf7 Kc5 55.Be6 Kb4 56.Bd7 Kc3 57.Bxf5 Kb4
58.Bd7 Rb7 59.Bc6 Rb6  1/2-1/2

[Event "TCh-GRE"]
[Site "Aghia Pelagia GRE"]
[Date "2004.07.04"]
[Round "1"]
[White "Zysk,R"]
[Black "Vouldis,A"]
[Result "1-0"]
[WhiteElo "2462"]
[BlackElo "2539"]

1.d4 Nf6 2.Nf3 g6 3.c4 Bg7 4.g3 O-O 5.Bg2 d6 6.O-O Nbd7 7.Nc3 e5 8.h3 c6
9.e4 Qa5 10.Re1 exd4 11.Nxd4 Re8 12.Be3 Ne5 13.Bf1 Be6 14.Nxe6 Rxe6 15.Bd4 c5
16.Bxe5 dxe5 17.Re3 Rd8 18.Nd5 Nxd5 19.cxd5 Rf6 20.Qc2 a6 21.Ra3 Qb6 22.Rb3 Qa7
23.a4 h5 24.h4 Bf8 25.Bc4 Qb8 26.Qe2 Qc8 27.Rf3 Rxf3 28.Qxf3 Bd6 29.Qf6 Rd7
30.Ra3 Qf8 31.Rb3 Qh6 32.Rb6 Qc1+ 33.Bf1 Bb8 34.Rb3 Qd2 35.Rf3 Qe1 36.Re3 Qb1
37.b3 Bd6 38.Kg2 Qb2 39.Rf3 Bf8 40.Qb6 Qd4 41.Bd3 Bd6 42.Qa7 Kg7 43.Qa8 c4
44.Bxc4 Qxe4 45.Qe8 Qg4 46.Be2  1-0

[Event "Skanska Cup"]
[Site "Olomouc CZE"]
[Date "2004.07.05"]
[Round "2"]
[White "Kunte,A"]
[Black "Balabaev,T"]
[Result "1/2-1/2"]
[WhiteElo "2532"]
[BlackElo "2454"]

1.d4 Nf6 2.c4 g6 3.Nf3 Bg7 4.g3 O-O 5.Bg2 d6 6.O-O Nbd7 7.Nc3 e5 8.h3 c6
9.e4 Qb6 10.c5 dxc5 11.dxe5 Ne8 12.Be3 Nc7 13.Na4 Qa5 14.Qc2 Ne6 15.Rfd1 Re8
16.Rdc1  1/2-1/2

[Event "TCh-GRE"]
[Site "Aghia Pelagia GRE"]
[Date "2004.07.06"]
[Round "3"]
[White "Nikolaou,G"]
[Black "Karapanos,N"]
[Result "1-0"]
[WhiteElo "2244"]
[BlackElo "2248"]

1.Nf3 g6 2.g3 Bg7 3.Bg2 d6 4.d4 Nf6 5.c4 O-O 6.Nc3 Nbd7 7.O-O e5 8.e4 c6
9.b3 exd4 10.Nxd4 Qe7 11.h3 Nc5 12.Re1 Nfd7 13.Be3 a5 14.Rb1 Ne5 15.Re2 h5
16.Rd2 h4 17.g4 f5 18.exf5 gxf5 19.Nxf5 Bxf5 20.gxf5 Rxf5 21.Rxd6 Ne6 22.Nd5 Qf7
23.Rxe6 Qxe6 24.Nc7 Qc8 25.Nxa8 Qxa8 26.Be4 Qf8 27.f4 Rxf4 28.Bxf4 Qxf4 29.Qe2 Nf7
30.Rf1 Qg3+ 31.Qg2 Qe3+ 32.Qf2 Qxe4 33.Qxf7+ Kh8 34.Qf3 Qc2 35.Rd1 Qg6+ 36.Kh1 Qe8
37.Qd3 Qh5 38.Rf1 Qg5 39.Qf5 Qe7 40.Qc8+ Kh7 41.Qf5+ Kg8 42.Rd1 a4 43.bxa4 Kh8
44.Qg4 Kg8 45.a5 Qf6 46.Qe4 Qg5 47.Rg1 Qf6 48.Rd1 Kh8 49.a4 Kg8 50.Rb1 Qd8
51.a6 bxa6 52.Qxc6 Qe7 53.Qd5+ Kh7 54.Qf5+ Kg8 55.Rb8+ Bf8 56.Rxf8+ Qxf8
57.Qxf8+ Kxf8 58.Kg2 Ke7 59.Kf3  1-0

[Event "Valoz Cup"]
[Site "Olomouc CZE"]
[Date "2004.07.06"]
[Round "3"]
[White "Tibensky,R"]
[Black "Kim,Se"]
[Result "1-0"]
[WhiteElo "2425"]
[BlackElo "2298"]

1.d4 Nf6 2.Nf3 g6 3.c4 Bg7 4.g3 O-O 5.Bg2 d6 6.O-O Nbd7 7.Nc3 e5 8.e4 exd4
9.Nxd4 Re8 10.h3 Nc5 11.Re1 c6 12.Bf4 Nh5 13.Be3 a5 14.Qc2 a4 15.Rad1 Qa5
16.g4 Nf6 17.Bf4 Ne6 18.Nxe6 Bxe6 19.Bxd6 Bxc4 20.e5 Nd7 21.f4 Nf8 22.Kh1 Ne6
23.f5 Nf4 24.Re4 Nxg2 25.Kxg2 Bd5 26.Nxd5 cxd5 27.Red4 Rac8 28.Qf2 Rc4 29.Rxd5 Qa6
30.g5 Qc6 31.f6 Bf8 32.Qf3 Bxd6 33.exd6 Qd7 34.R1d4 Rc2+ 35.Rd2 Rxd2+ 36.Rxd2 Re6
37.Qd5 Re3 38.Kf2 Rxh3 39.Re2 Rh2+ 40.Ke1 Rxe2+ 41.Kxe2 h5 42.gxh6 Kh7 43.Ke3 Kxh6
44.Qe5 g5 45.Qe7 Qh3+ 46.Kd4 Qg4+ 47.Kc3 b5 48.b3 b4+ 49.Kd3 axb3 50.axb3 Qg3+
51.Kc4 Qc3+ 52.Kb5 Qxb3 53.d7 Qd5+ 54.Kb6 Qd4+ 55.Kc6 Qc4+ 56.Qc5 Qe4+ 57.Qd5 Qc2+
58.Kb7  1-0